Responses for show #584 - Thursday, March 5, 1987

Keith Walker game 1.

Contestants

Barbara Platz, a microbiologist from Hendersonville, North Carolina

Keith Walker, an attorney from Pomona, California

Judy Goodnight, a pre-kindergarten teacher from Memphis, Tennessee (whose 1-day cash winnings total $6,800)

Jeopardy! Round responses

SCIENCE
NEWSCASTERS
FOREIGN U.S. CITIES
CRACKER JACK
HISTORY
"SOFT"
    $100 6
milk

Barbara
    $100 26
Tom Brokaw

Keith
    $100 1
Paris

Judy
    $100 21
peanuts & popcorn

Barbara
    $100 8
Genghis Khan

Keith
    $100 10
soft-boiled

Judy
    $200 7
Mercury

Keith
    $200 27
(Alex: Yes, he is and you're not.)

Chevy Chase

Keith
    $200 2
Toledo

Judy
    $200 22
prizes

Keith
    $200 9
Spartacus

Judy
    $200 11
soft coal

Judy
    $300 13
Cenozoic

Keith
    $300 28
Diane Sawyer

Keith
    $300 3
Troy

Judy
    $300 23
sailor suit

Barbara
    $300 18
serfs

Keith
    $300 12
software

Barbara
    $400 14
genetics

Judy
    $400 29
(Barbara: Who is Edward R. Murrow?)

Walter Cronkite

KeithBarbara
    $400 4
Berlin

Keith
    $400 24
"Take Me Out to the Ball Game"

Keith
    $400 19
1789

Keith
    $400 15
soft shoe

Barbara
    $500 16
hydrogen

Keith
    $500 30
(Alex: And it was of course Patrick Henry he was referring to.)

Dan Rather

Keith
    $500 5
(Barbara: What is Edinburgh?)

Glasgow

KeithBarbara
    $700 25
Jack Gilford

Keith
    $500 20
League of Nations

Keith
    $500 17
soft-hearted man

Judy

Scores at the first commercial break (after clue 16):

Judy Keith Barbara
$1,500 $2,000 $300

Scores at the end of the Jeopardy! Round:

Judy Keith Barbara
$2,000 $6,000 $300

Double Jeopardy! Round responses

MOVIE AUTHORS
WEAPONS
MUSIC
OTHELLO
SPORTS TRIVIA
"HARD"
    $200 16
Somerset Maugham

Keith
    $200 19
tie

Judy
    $200 2
the Orchestra

Keith
    $200 7
Iago

Keith
    $200 26
bowling alley

Judy
    $200 1
hard-boiled

Keith
    $400 17
Rudyard Kipling

Judy
    $400 20
stick (staff)

Judy
    $1,400 3
G

Keith
    $400 8
Paul Robeson

Keith
    $400 27
(Keith: What is 1?)
(Barbara: What is 2?)

0 (none)

JudyKeithBarbara
    $400 12
hard of hearing

Judy
    $600 18
(Keith: No, I'm sorry.)

F. Scott Fitzgerald

Keith
Triple Stumper
    $600 21
sling

Triple Stumper
    $600 4
finale

Keith
    $600 9
wine

Triple Stumper
    $500 28
(Judy: ...I don't know.)

torch

Judy
    $600 13
A Hard Day's Night

Triple Stumper
    $800 24
Fredric March

Barbara
    $800 22
dagger

Keith
    $800 5
drum

Keith
    $800 10
Edmund Kean

Triple Stumper
    $800 29
[Alex read "M." as "Marla".]

Chicago Cubs

Keith
    $800 14
hardtack

Keith
    $1000 25
Byron

Judy
    $1000 23
(Alex: The eagle holds 13 of them in his claw.)

arrow

Keith
    $1000 6
arpeggio

Triple Stumper
    $1000 11
Cyprus

Keith
    $1000 30
dismount

Judy
    $1000 15
hardwoods

Triple Stumper

Scores at the end of the Double Jeopardy! Round:

Judy Keith Barbara
$5,500 $13,400 $700
(lock game)

[wagering suggestions for these scores]

Final Jeopardy! Round responses

ASIA
BarbaraWhat is Nepal?
$100
JudyWhat is Indonesia?
$500
KeithWhat is Japan?
$2,100
Japan

Final scores:

Judy Keith Barbara
$5,000 $15,500 $600
2nd place: trip to St. Thomas & stay at Bluebeard's Castle New champion: $15,500 3rd place: Colortyme color TV

Game dynamics:

Coryat scores:

Judy Keith Barbara
$6,000 $12,200 $700
16 R,
1 W
(including 1 DD)
30 R
(including 2 DDs),
2 W
6 R,
3 W

Combined Coryat: $18,900

The J! Archive is created by fans, for fans. The Jeopardy! game show and all elements thereof, including but not limited to copyright and trademark thereto, are the property of Jeopardy Productions, Inc. and are protected under law. This website is not affiliated with, sponsored by, or operated by Jeopardy Productions, Inc. Join the discussion at JBoard.tv.